000 00722nam a2200253Ia 4500
005 20260121153649.0
008 008 260114s9999 xx 000 0 eng d
020 _a9780429326950
037 _aEBOOK
040 _aCRL
040 _beng
040 _cCRL
041 _2eng
041 _aeng
084 _qCRL
100 _aDragomir , Silvestru Sever
_9997571
245 0 _aRiemann–Stieltjes Integral Inequalities for Complex Functions Defined on Unit Circle: with Applications to Unitary Operators in Hilbert Spaces
260 _bTaylor and Francis
260 _c2019
856 _uhttps://www.taylorfrancis.com/books/9780429326950
942 _cEBOOK
999 _c1564390
_d1564390